[Event "TUR-chT 2nd League"]
[Site "Denizli"]
[Date "2023.07.12"]
[Round "5.34"]
[White "Aydin, Kaan Ayhan"]
[Black "Deruni, Berc"]
[Result "1-0"]
[WhiteElo "1873"]
[BlackElo "2094"]
[PlyCount "79"]
[EventDate "2023.07.09"]
[EventType "team-swiss"]
[EventRounds "9"]
[EventCountry "TUR"]
[SourceTitle "CBM 215 Extra"]
[Source "ChessBase"]
[SourceDate "2023.09.30"]
[SourceVersion "1"]
[SourceVersionDate "2023.09.30"]
[SourceQuality "1"]
[WhiteTeam "Karaman Masterler"]
[BlackTeam "Moda"]
[WhiteTeamCountry "TUR"]
[BlackTeamCountry "TUR"]

1. d4 Nf6 2. Bg5 Ne4 3. Bf4 d5 4. f3 Nf6 5. e4 e6 6. Nc3 Be7 7. Qd2 0-0 8. 0-0-0 c6 9. Kb1 b5 10. g4 b4 11. Nce2 dxe4 12. g5 e3 13. Bxe3 Nd5 14. h4 Nd7 15. Nf4 N7b6 16. Ngh3 Rb8 17. Ka1 Na4 18. Bc4 Qa5 19. Bb3 Nac3 20. Nxd5 cxd5 21. bxc3 bxc3 22. Qe1 Bd7 23. g6 hxg6 24. Ng5 Rfc8 25. h5 Rxb3 26. cxb3 Ba3 27. Rb1 gxh5 28. Bc1 Bb4 29. Rxh5 Kf8 30. Ne4 f6 31. Qh4 c2 32. Rb2 Bc3 33. Nxc3 Qxc3 34. Rh8+ Ke7 35. Rxc8 Bxc8 36. Qf2 Ba6 37. Qxc2 Qxd4 38. Qd2 Qe5 39. f4 Qe4 40. Rc2 1-0

[Event "TUR-chT"]
[Site "Denizli"]
[Date "2013.07.06"]
[Round "8.6"]
[White "Sirin, Atakan"]
[Black "Deruni, Berc"]
[Result "1/2-1/2"]
[WhiteElo "2249"]
[BlackElo "2119"]
[PlyCount "81"]
[EventDate "2013.06.29"]
[EventType "team-tourn"]
[EventRounds "13"]
[EventCountry "TUR"]
[SourceTitle "CBM 155 Extra"]
[Source "ChessBase"]
[SourceDate "2013.08.26"]
[SourceVersion "1"]
[SourceVersionDate "2013.08.26"]
[SourceQuality "1"]
[WhiteTeam "Alyans Satranc"]
[BlackTeam "Istanbul Teknik Uni"]
[WhiteTeamCountry "TUR"]
[BlackTeamCountry "TUR"]

1. c4 e5 2. Nc3 Nf6 3. g3 Nc6 4. Bg2 Bb4 5. Nd5 Bc5 6. d3 0-0 7. Nf3 Re8 8. Bg5 Be7 9. Be3 d6 10. 0-0 h6 11. h3 Bf8 12. Rc1 Nxd5 13. cxd5 Ne7 14. Qb3 c6 15. dxc6 bxc6 16. Bd2 Be6 17. Qa4 Qd7 18. Kh2 Rab8 19. b4 Rec8 20. Rc2 f6 21. Rfc1 d5 22. e4 Rb6 23. Rc5 Rcb8 24. Ra5 Nc8 25. a3 d4 26. Be1 Rb5 27. Rxb5 cxb5 28. Qd1 Nb6 29. Nh4 Rc8 30. Rxc8 Qxc8 31. Bf3 Na4 32. Bh5 Nc3 33. Qf3 Nb1 34. Nf5 Qc1 35. Qe2 Nc3 36. Qg4 Bxf5 37. Qxf5 Qxe1 38. Kg2 Nd1 39. h4 Qxf2+ 40. Qxf2 Nxf2 41. Kxf2 1/2-1/2

[Event "TUR-chT"]
[Site "Konya"]
[Date "2012.07.18"]
[Round "9"]
[White "Eden, Yagiz"]
[Black "Deruni, Berc"]
[Result "0-1"]
[WhiteElo "1754"]
[BlackElo "2123"]
[PlyCount "42"]
[EventDate "2012.07.11"]
[EventType "team-tourn"]
[EventRounds "13"]
[EventCountry "TUR"]
[SourceTitle "CBM 149 Extra"]
[Source "ChessBase"]
[SourceDate "2012.08.24"]
[SourceVersion "1"]
[SourceVersionDate "2012.08.24"]
[SourceQuality "1"]
[WhiteTeam "Adana Truva"]
[BlackTeam "Istanbul Teknik Uni"]
[WhiteTeamCountry "TUR"]
[BlackTeamCountry "TUR"]

1. e4 c5 2. Nf3 d6 3. Bb5+ Bd7 4. Bxd7+ Qxd7 5. 0-0 Nc6 6. c4 g6 7. Nc3 Bg7 8. Re1 e6 9. d3 Nge7 10. Bf4 Ne5 11. Rb1 0-0 12. Qe2 N7c6 13. a3 Rae8 14. Nxe5 dxe5 15. Be3 b6 16. b4 cxb4 17. axb4 f5 18. f3 Rf7 19. Red1 Bf8 20. b5 Nd4 21. Qf2 Bc5 0-1

[Event "TUR-chT"]
[Site "Konya"]
[Date "2011.07.05"]
[Round "9"]
[White "Bayram, Yakup"]
[Black "Deruni, Berc"]
[Result "1-0"]
[WhiteElo "2268"]
[BlackElo "2125"]
[PlyCount "85"]
[EventDate "2011.06.28"]
[EventType "team-swiss"]
[EventRounds "13"]
[EventCountry "TUR"]
[SourceTitle "CBM 143 Extra"]
[Source "ChessBase"]
[SourceDate "2011.08.29"]
[SourceVersion "1"]
[SourceVersionDate "2011.08.29"]
[SourceQuality "1"]
[WhiteTeam "Tarsus Zeka"]
[BlackTeam "Istanbul Teknik Uni"]
[WhiteTeamCountry "TUR"]
[BlackTeamCountry "TUR"]

1. d4 Nf6 2. Nf3 e6 3. g3 c5 4. c3 Nc6 5. Bg2 d5 6. 0-0 Be7 7. a3 0-0 8. b4 cxd4 9. cxd4 Ne4 10. Bb2 Nd6 11. Nbd2 a5 12. bxa5 Rxa5 13. Ne5 Qb6 14. Nxc6 Qxc6 15. Qb1 Rb5 16. Rc1 Qb6 17. Rc2 e5 18. a4 Rb4 19. a5 Qb5 20. Bf1 exd4 21. Qc1 Qd7 22. Rc7 Qd8 23. Ba3 Ra4 24. Bxd6 Rxa1 25. Qxa1 Bxd6 26. Rc2 Bb4 27. Nb3 Bc3 28. Qa2 Bf5 29. Rc1 Qf6 30. Nc5 Qc6 31. Nd3 Qc4 32. Qb1 Qa6 33. Qb3 Bxd3 34. exd3 Qxa5 35. Qxb7 g6 36. Bg2 Rd8 37. h4 h5 38. Rb1 Qa2 39. Rb6 Qe2 40. Bxd5 Rf8 41. Rxg6+ Kh8 42. Rf6 Be1 43. Qc7 1-0

[Event "TUR-chT"]
[Site "Konya"]
[Date "2010.07.07"]
[Round "11"]
[White "Acarbay, Aydin"]
[Black "Deruni, Berc"]
[Result "1/2-1/2"]
[WhiteElo "1885"]
[BlackElo "2107"]
[PlyCount "102"]
[EventDate "2010.06.29"]
[EventType "team-tourn"]
[EventRounds "13"]
[EventCountry "TUR"]
[SourceTitle "CBM 137 Extra"]
[Source "ChessBase"]
[SourceDate "2010.09.01"]
[SourceVersion "1"]
[SourceVersionDate "2010.09.01"]
[SourceQuality "1"]

1. d4 Nf6 2. c4 e6 3. Nf3 b6 4. g3 Ba6 5. b3 Bb7 6. Bg2 Bb4+ 7. Bd2 a5 8. 0-0 0-0 9. a3 Be7 10. Bc3 d5 11. Ne5 c6 12. Nd2 Nfd7 13. Nxd7 Nxd7 14. e4 b5 15. exd5 exd5 16. c5 Bf6 17. b4 Re8 18. Nf3 a4 19. Qd3 Nf8 20. Rae1 Qc7 21. Ne5 Bc8 22. Bd2 Ne6 23. f4 Bd7 24. Be3 Nf8 25. h3 g6 26. g4 Bg7 27. f5 f6 28. Nxd7 Qxd7 29. Bf4 g5 30. Bd6 Qf7 31. Qd2 Nd7 32. Rf3 Bf8 33. Rfe3 Rxe3 34. Qxe3 Bxd6 35. cxd6 Kf8 36. Qe7+ Qxe7 37. Rxe7 Rd8 38. Rxh7 Kg8 39. Re7 Nf8 40. Kf2 Rxd6 41. Rc7 Kh8 42. Kg3 Nd7 43. Rb7 Kg7 44. Bf1 Kf7 45. h4 gxh4+ 46. Kxh4 Ke8 47. g5 fxg5+ 48. Kxg5 Kd8 49. Ra7 Nf6 50. Kg6 Ne8+ 51. Kg5 Nf6 1/2-1/2

[Event "TUR-chT"]
[Site "Konya"]
[Date "2010.07.07"]
[Round "12"]
[White "Deruni, Berc"]
[Black "Aydogdu, Erkmen"]
[Result "1-0"]
[WhiteElo "2107"]
[BlackElo "1999"]
[PlyCount "86"]
[EventDate "2010.06.29"]
[EventType "team-tourn"]
[EventRounds "13"]
[EventCountry "TUR"]
[SourceTitle "CBM 137 Extra"]
[Source "ChessBase"]
[SourceDate "2010.09.01"]
[SourceVersion "1"]
[SourceVersionDate "2010.09.01"]
[SourceQuality "1"]

1. d4 Nf6 2. Nf3 e6 3. c4 b6 4. a3 Ba6 5. Qc2 Bb7 6. Nc3 c5 7. e4 cxd4 8. Nxd4 Bc5 9. Nb3 Nc6 10. Bg5 h6 11. Bh4 Nd4 12. Nxd4 Bxd4 13. Bd3 Qb8 14. Bg3 Be5 15. 0-0-0 0-0 16. Kb1 Rc8 17. Qe2 d6 18. Bxe5 dxe5 19. g4 g6 20. h4 Nd7 21. Qe3 Kg7 22. Be2 Nf8 23. g5 h5 24. Qf3 Ba6 25. b3 Qc7 26. Rd2 Qe7 27. Kb2 Rd8 28. Rhd1 Kg8 29. Qe3 Qc7 30. Rd3 Rxd3 31. Qxd3 Qc5 32. Qf3 Qe7 33. Qd3 Qc5 34. Qe3 Qc7 35. a4 Rc8 36. Nb5 Bxb5 37. axb5 Qe7 38. Qd2 Qc5 39. Bf1 Rc7 40. b4 Qe7 41. Qd6 Nd7 42. Qd2 Nf8 43. Qd6 Nd7 1-0

[Event "TUR-chT"]
[Site "Konya"]
[Date "2010.07.06"]
[Round "10"]
[White "Deruni, Berc"]
[Black "Bolat, Ahmet"]
[Result "1-0"]
[WhiteElo "2107"]
[BlackElo "2016"]
[PlyCount "105"]
[EventDate "2010.06.29"]
[EventType "team-tourn"]
[EventRounds "13"]
[EventCountry "TUR"]
[SourceTitle "CBM 137 Extra"]
[Source "ChessBase"]
[SourceDate "2010.09.01"]
[SourceVersion "1"]
[SourceVersionDate "2010.09.01"]
[SourceQuality "1"]

1. d4 Nf6 2. Nf3 e6 3. c4 b6 4. a3 Bb7 5. Nc3 d5 6. cxd5 Nxd5 7. Qc2 Nd7 8. e4 Nxc3 9. bxc3 c5 10. Bd3 Qc7 11. Qb1 Be7 12. 0-0 0-0 13. Qa2 Rac8 14. Qe2 e5 15. dxe5 c4 16. Bc2 Nxe5 17. Nd4 Nd3 18. Bxd3 cxd3 19. Qxd3 Qxc3 20. Qxc3 Rxc3 21. Nf5 Rc7 22. Bf4 Bxe4 23. Nxe7+ Rxe7 24. Bd6 Rd7 25. Bxf8 Kxf8 26. Rfe1 Bf5 27. Rad1 Rxd1 28. Rxd1 Ke7 29. f3 Be6 30. Kf2 b5 31. Ke3 a5 32. Rb1 b4 33. axb4 axb4 34. Rxb4 g6 35. h4 Kf6 36. Kf4 Ba2 37. h5 Be6 38. Rb5 Bf5 39. g4 g5+ 40. Kg3 Be6 41. f4 h6 42. f5 Bc4 43. Rb6+ Kg7 44. Kf2 Bd5 45. Ke3 Bc4 46. Rd6 Bb5 47. Rd4 Bc6 48. Rb4 Ba8 49. Kd4 Bf3 50. Ke5 Be2 51. f6+ Kh7 52. Kd6 Bf3 53. Ke7 1-0

[Event "TUR-chT"]
[Site "Konya"]
[Date "2010.07.05"]
[Round "9"]
[White "Sirin, Atakan"]
[Black "Deruni, Berc"]
[Result "1-0"]
[WhiteElo "2250"]
[BlackElo "2107"]
[PlyCount "71"]
[EventDate "2010.06.29"]
[EventType "team-tourn"]
[EventRounds "13"]
[EventCountry "TUR"]
[SourceTitle "CBM 137 Extra"]
[Source "ChessBase"]
[SourceDate "2010.09.01"]
[SourceVersion "1"]
[SourceVersionDate "2010.09.01"]
[SourceQuality "1"]

1. c4 e5 2. d3 Nc6 3. Nc3 g6 4. g3 Bg7 5. Bg2 d6 6. e3 f5 7. Nge2 Nf6 8. 0-0 0-0 9. Rb1 Be6 10. Nd5 Rb8 11. b4 Ne7 12. Nec3 a6 13. a4 h6 14. Qc2 g5 15. f4 gxf4 16. Nxf6+ Rxf6 17. exf4 Nc6 18. Nd5 Rf8 19. Bb2 Nd4 20. Bxd4 exd4 21. b5 axb5 22. cxb5 Rc8 23. Rfe1 Re8 24. Nb4 d5 25. Rxe6 Rxe6 26. Bxd5 Qd6 27. Qc4 Rce8 28. Re1 Kf7 29. a5 Bf8 30. Rxe6 Rxe6 31. a6 bxa6 32. bxa6 Kg7 33. Bxe6 Qb6 34. Nc2 Bc5 35. Bg8 Kh8 36. Qf7 1-0

[Event "TUR-chT"]
[Site "Konya"]
[Date "2010.07.01"]
[Round "4"]
[White "Vural, Ozge"]
[Black "Deruni, Berc"]
[Result "0-1"]
[WhiteElo "1896"]
[BlackElo "2107"]
[PlyCount "120"]
[EventDate "2010.06.29"]
[EventType "team-tourn"]
[EventRounds "13"]
[EventCountry "TUR"]
[SourceTitle "CBM 137 Extra"]
[Source "ChessBase"]
[SourceDate "2010.09.01"]
[SourceVersion "1"]
[SourceVersionDate "2010.09.01"]
[SourceQuality "1"]

1. e4 c5 2. Nf3 e6 3. d4 cxd4 4. Nxd4 a6 5. Nc3 Qc7 6. Bd3 Nf6 7. 0-0 Nc6 8. Nb3 Be7 9. f4 d6 10. a4 0-0 11. Qe2 Nb4 12. Kh1 Bd7 13. Rf3 e5 14. f5 d5 15. Rg3 Kh8 16. exd5 Nbxd5 17. Nxd5 Nxd5 18. Qh5 Nf6 19. Qg5 Rg8 20. Qh4 Bc6 21. Bg5 h6 22. Bxh6 Nh7 23. Bg5 Bxg5 24. Rxg5 g6 25. f6 e4 26. Rg3 g5 27. Qh6 Qf4 28. Rh3 Qf5 29. Rf1 Qg6 30. Bc4 Qxh6 31. Rxh6 Rg6 32. Rxg6 fxg6 33. Nd4 Bxa4 34. b3 Bd7 35. Bd5 Rf8 36. f7 Bc8 37. Be6 b5 38. Bxc8 Rxc8 39. Ne6 Nf8 40. Nxg5 Rxc2 41. Nxe4 Kg7 42. Nd6 Rd2 43. Ne8+ Kh8 44. g4 Rd3 45. g5 Rxb3 46. Rf4 Rh3 47. Kg2 Rh7 48. h4 a5 49. Nc7 b4 50. Nd5 b3 51. Nc3 Kg7 52. Kf2 Rh8 53. Ke2 Ne6 54. Rf6 Nc5 55. Kd1 Rf8 56. Rc6 Nd3 57. Kd2 Nb4 58. Rc7 Rxf7 59. Rxf7+ Kxf7 60. Kc1 Na2+ 0-1

[Event "TUR-chT"]
[Site "Konya"]
[Date "2010.06.29"]
[Round "1"]
[White "Deruni, Berc"]
[Black "Zeytinoglu, Nasir Ekin"]
[Result "1-0"]
[WhiteElo "2107"]
[BlackElo "1927"]
[PlyCount "83"]
[EventDate "2010.06.29"]
[EventType "team-tourn"]
[EventRounds "13"]
[EventCountry "TUR"]
[SourceTitle "CBM 137 Extra"]
[Source "ChessBase"]
[SourceDate "2010.09.01"]
[SourceVersion "1"]
[SourceVersionDate "2010.09.01"]
[SourceQuality "1"]

1. Nf3 Nf6 2. d4 g6 3. c4 Bg7 4. Nc3 0-0 5. e4 d6 6. Be2 e5 7. d5 a5 8. Bg5 h6 9. Bh4 Na6 10. 0-0 Qe8 11. Nd2 Nh7 12. a3 Bd7 13. b3 f5 14. exf5 gxf5 15. Bh5 Qc8 16. Be7 Re8 17. Bxe8 Qxe8 18. Bh4 e4 19. Rc1 Nc5 20. Qe2 Nf8 21. Qe3 Ng6 22. Bg3 Nd3 23. f4 Nxc1 24. Rxc1 Kh7 25. Bf2 Ne7 26. Rc2 c5 27. dxc6 bxc6 28. Ne2 d5 29. Nf1 Rb8 30. c5 d4 31. Nxd4 Nd5 32. Qd2 Be6 33. g3 Rd8 34. Qxa5 Ra8 35. Qd2 Rxa3 36. Qc1 Ra6 37. Qd2 Ra8 38. Nxe6 Qxe6 39. Kg2 Ra3 40. Qe2 Rxb3 41. Ne3 Rd3 42. h3 1-0

[Event "Wch U20"]
[Site "Gaziantep"]
[Date "2008.08.12"]
[Round "10"]
[White "Deruni, Berc"]
[Black "Mijovic, Stefan"]
[Result "1/2-1/2"]
[WhiteElo "2032"]
[BlackElo "2289"]
[PlyCount "79"]
[EventDate "2008.08.03"]
[EventType "swiss"]
[EventRounds "13"]
[EventCountry "TUR"]
[SourceTitle "CBM 125 Extra"]
[Source "ChessBase"]
[SourceDate "2008.09.01"]
[SourceVersion "1"]
[SourceVersionDate "2008.09.01"]
[SourceQuality "1"]

1. d4 d5 2. c4 e6 3. Nc3 Be7 4. Nf3 Nf6 5. cxd5 exd5 6. Bg5 c6 7. Qc2 g6 8. e3 Bf5 9. Bd3 Bxd3 10. Qxd3 Nbd7 11. Bh6 Ng4 12. Bf4 0-0 13. h3 Ngf6 14. 0-0 Re8 15. Rab1 a5 16. Bh2 Nb6 17. Ne5 Nfd7 18. f4 Bf8 19. e4 Nf6 20. exd5 Nbxd5 21. f5 Bg7 22. a3 Nd7 23. Nxd5 Nxe5 24. dxe5 Qxd5 25. Qxd5 cxd5 26. f6 Bf8 27. Rbd1 Red8 28. Rd3 a4 29. g4 Bc5+ 30. Kg2 Ra5 31. Rfd1 Bb6 32. g5 Kf8 33. Re1 Rc8 34. e6 Rc2+ 35. Kh1 fxe6 36. Rxe6 Rc1+ 37. Kg2 Rc2+ 38. Kh1 Rc1+ 39. Kg2 Rc2+ 40. Kh1 1/2-1/2

[Event "Wch U20"]
[Site "Gaziantep"]
[Date "2008.08.04"]
[Round "2"]
[White "Kulakov, Viacheslav"]
[Black "Deruni, Berc"]
[Result "1-0"]
[WhiteElo "2360"]
[BlackElo "2032"]
[PlyCount "71"]
[EventDate "2008.08.03"]
[EventType "swiss"]
[EventRounds "13"]
[EventCountry "TUR"]
[SourceTitle "CBM 125 Extra"]
[Source "ChessBase"]
[SourceDate "2008.09.01"]
[SourceVersion "1"]
[SourceVersionDate "2008.09.01"]
[SourceQuality "1"]

1. e4 c5 2. Nf3 d6 3. c3 Nf6 4. Bc4 Nc6 5. Qe2 Bg4 6. d3 e6 7. Bg5 Be7 8. Nbd2 0-0 9. Bb3 d5 10. h3 Bh5 11. 0-0 Re8 12. Rfe1 d4 13. g4 Bg6 14. cxd4 Nxd4 15. Nxd4 Qxd4 16. Nf3 Qb4 17. Ne5 Qd4 18. Nf3 Qb4 19. Bd2 Qb6 20. Ne5 Qc7 21. f4 Nd7 22. Nf3 Bd6 23. Qe3 f6 24. g5 Bf7 25. gxf6 gxf6 26. e5 fxe5 27. fxe5 Be7 28. Kh2 Kh8 29. Ng5 Bxg5 30. Qxg5 Bg6 31. Rg1 b5 32. Raf1 b4 33. Bf4 Nb6 34. h4 Qe7 35. Qh6 Qg7 36. Qxg7+ 1-0

[Event "EU-ch U16"]
[Site "Urgup"]
[Date "2004.07.??"]
[Round "6"]
[White "Deruni, Berc"]
[Black "Mamikonian, Tigran"]
[Result "0-1"]
[WhiteElo "2027"]
[BlackElo "2325"]
[PlyCount "210"]
[EventDate "2004.08.??"]
[EventType "swiss"]
[EventRounds "9"]
[EventCountry "TUR"]
[SourceTitle "EXT 2005"]
[Source "ChessBase"]
[SourceDate "2004.11.15"]
[SourceVersion "1"]
[SourceVersionDate "2004.11.15"]
[SourceQuality "1"]

1. d4 Nf6 2. c4 d6 3. Nc3 Nbd7 4. Nf3 c6 5. e4 e5 6. Be2 Be7 7. 0-0 0-0 8. Re1 Qc7 9. Bf1 Re8 10. h3 Nf8 11. Be3 Ne6 12. Rc1 Bf8 13. b4 a5 14. a3 axb4 15. axb4 g6 16. Nd5 Qd8 17. dxe5 cxd5 18. exd5 dxe5 19. dxe6 Bxe6 20. Qxd8 Rexd8 21. Bg5 Kg7 22. c5 Ra4 23. b5 e4 24. Ne5 Rd5 25. Bxf6+ Kxf6 26. Ng4+ Bxg4 27. hxg4 Rxc5 28. Rxc5 Bxc5 29. Be2 Ra2 30. Kf1 Ke5 31. Rc1 b6 32. g3 h6 33. Rd1 Bd4 34. Rc1 Ra7 35. Rc8 Re7 36. Rh8 Re6 37. Rxh6 Rf6 38. Rh2 Kd5 39. Ke1 Kc5 40. Kf1 Kb4 41. g5 Rf5 42. Rh4 Rxf2+ 43. Ke1 Kc3 44. Rxe4 Rg2 45. g4 Rf2 46. Re7 Rf4 47. Rc7+ Bc5 48. Rd7 Bb4 49. Kd1 Kb2 50. Rd3 Re4 51. Rg3 Re5 52. Rf3 Bc3 53. Rg3 Rxg5 54. Bd3 Re5 55. Rg2+ Kb3 56. Re2 Rd5 57. Re3 Rd4 58. Rg3 g5 59. Ke2 f6 60. Ke3 Rf4 61. Bf5 Kb4 62. Bd7 Bd4+ 63. Kd3 Be5 64. Bc6 Kc5 65. Rg2 Rd4+ 66. Ke3 Bf4+ 67. Kf3 Rd3+ 68. Ke4 Re3+ 69. Kf5 Be5 70. Rd2 Re1 71. Rf2 Rd1 72. Kg6 Rd4 73. Kf5 Rc4 74. Rf1 Rc2 75. Kg6 Rc4 76. Kf5 Kd4 77. Re1 Rc2 78. Re4+ Kc5 79. Re1 Rf2+ 80. Ke6 Kd4 81. Re4+ Kd3 82. Re1 Rf4 83. Rg1 Ke2 84. Kd5 Kf2 85. Rc1 Rxg4 86. Bd7 Rd4+ 87. Ke6 g4 88. Rc2+ Ke3 89. Bc6 g3 90. Rg2 Rd2 91. Rg1 Rd6+ 92. Kf5 Kf2 93. Rg2+ Kf1 94. Bb7 Rd4 95. Rc2 Rf4+ 96. Ke6 Rf2 97. Rc1+ Ke2 98. Rg1 Ke3 99. Kd5 Rh2 100. Ke6 Kf2 101. Rc1 g2 102. Rc2+ Kg3 103. Rc1 Bd4 104. Bxg2 Rxg2 105. Kd5 Bc5 0-1

[Event "World ol U16 04th"]
[Site "Calicut"]
[Date "2004.07.??"]
[Round "6"]
[White "Khamrakulov, Djurabek"]
[Black "Deruni, Berc"]
[Result "0-1"]
[WhiteElo "2301"]
[BlackElo "2027"]
[PlyCount "39"]
[EventDate "2004.07.01"]
[EventType "team-swiss"]
[EventRounds "9"]
[EventCountry "IND"]
[SourceTitle "EXT 2014"]
[Source "ChessBase"]
[SourceDate "2013.11.20"]
[SourceVersion "1"]
[SourceVersionDate "2013.11.20"]
[SourceQuality "1"]

1. e4 c5 2. c3 Nf6 3. e5 Nd5 4. Nf3 e6 5. d4 cxd4 6. cxd4 d6 7. Nc3 Nxc3 8. bxc3 Qc7 9. Bd2 b6 10. Bd3 Bb7 11. 0-0 Nd7 12. Bf4 Rc8 13. Re1 Be7 14. Bg3 0-0 15. Re3 g6 16. exd6 Bxd6 17. Ng5 Nf6 18. Bf1 Ne4 19. Nxe4 Bxe4 20. Qe2 0-1

[Event "World ol U16"]
[Site "Denizli"]
[Date "2003.08.08"]
[Round "7"]
[White "Deruni, Berc"]
[Black "Gomes, Mary Ann"]
[Result "0-1"]
[WhiteElo "2036"]
[BlackElo "2126"]
[PlyCount "126"]
[EventDate "2003.08.02"]
[EventType "team-swiss"]
[EventRounds "10"]
[EventCountry "TUR"]
[SourceTitle "CBM 095 Extra"]
[Source "ChessBase"]
[SourceDate "2003.09.04"]
[SourceVersion "1"]
[SourceVersionDate "2003.09.04"]
[SourceQuality "1"]

1. d4 f5 2. Nf3 Nf6 3. c4 g6 4. Nc3 Bg7 5. g3 0-0 6. Bg2 d6 7. 0-0 c6 8. Re1 Ne4 9. Qc2 Nxc3 10. bxc3 e5 11. a4 e4 12. Nd2 d5 13. e3 Be6 14. Bf1 Nd7 15. Qb3 Qc8 16. Ba3 Rf7 17. Rec1 Nf6 18. cxd5 cxd5 19. c4 Qd8 20. Qb2 g5 21. Nb3 dxc4 22. Bxc4 Bxc4 23. Rxc4 f4 24. Qe2 b6 25. Rac1 f3 26. Qc2 Bf8 27. Bxf8 Qxf8 28. Rc6 Kh8 29. Qc4 Nd5 30. Re6 Rc8 31. Rc6 Rxc6 32. Qxc6 Nf6 33. Nd2 Qe7 34. Qc7 Qe6 35. Qc4 Nd5 36. Qb5 Rf6 37. a5 Rh6 38. Qa6 Ne7 39. Qf1 b5 40. Rc5 Nd5 41. Qxb5 Qh3 42. Qe8+ Kg7 43. Qe5+ Rf6 44. Qxg5+ Rg6 45. Rc7+ Nxc7 46. Qe5+ Kh6 47. Qf4+ Kh5 48. Nxf3 exf3 49. Qxf3+ Qg4 50. Qf7 Ne6 51. Qxh7+ Kg5 52. Qxa7 Qf3 53. Qb8 Kg4 54. a6 Ng5 55. Qc8+ Re6 56. Qg8 Rc6 57. h3+ Kxh3 58. Qh8+ Kg4 59. Qh4+ Kf5 60. Qf4+ Qxf4 61. gxf4 Nf7 62. Kg2 Kg4 63. d5 Rc1 0-1

[Event "EU-ch U14"]
[Site "Peniscola"]
[Date "2002.10.05"]
[Round "6"]
[White "Braun, Arik"]
[Black "Deruni, Berc"]
[Result "1-0"]
[WhiteElo "2317"]
[BlackElo "2080"]
[PlyCount "83"]
[EventDate "2002.09.29"]
[EventType "swiss"]
[EventRounds "9"]
[EventCountry "ESP"]
[SourceTitle "CBM 090 Extra"]
[Source "ChessBase"]
[SourceDate "2002.11.07"]
[SourceVersion "1"]
[SourceVersionDate "2002.11.07"]
[SourceQuality "1"]

1. d4 Nf6 2. c4 e6 3. Nc3 Bb4 4. e3 c5 5. Nf3 Nc6 6. Bd3 Bxc3+ 7. bxc3 d6 8. 0-0 0-0 9. e4 e5 10. d5 Ne7 11. Ne1 Ng6 12. g3 Ne8 13. Qh5 Nf6 14. Qe2 Ne8 15. f4 f5 16. exf5 Bxf5 17. fxe5 Bxd3 18. Rxf8+ Kxf8 19. Nxd3 Nxe5 20. Nxe5 dxe5 21. Qxe5 Qf6 22. Bf4 Qxe5 23. Bxe5 Kf7 24. Rb1 b6 25. Rf1+ Nf6 26. Bxf6 gxf6 27. Kf2 f5 28. Re1 Rd8 29. Re5 Kf6 30. Re6+ Kf7 31. a4 Rg8 32. Rh6 Rg4 33. Rxh7+ Kf6 34. Rh4 Rg7 35. Rh6+ Kg5 36. Re6 Kg4 37. Kg2 Rh7 38. h3+ Kg5 39. h4+ Kh5 40. Kf3 Rf7 41. Re5 a6 42. Kf4 1-0

[Event "EU-ch U14"]
[Site "Peniscola"]
[Date "2002.10.02"]
[Round "4"]
[White "Sig Vargas, Marcos"]
[Black "Deruni, Berc"]
[Result "0-1"]
[WhiteElo "2231"]
[BlackElo "2080"]
[PlyCount "67"]
[EventDate "2002.09.29"]
[EventType "swiss"]
[EventRounds "9"]
[EventCountry "ESP"]
[SourceTitle "CBM 090 Extra"]
[Source "ChessBase"]
[SourceDate "2002.11.07"]
[SourceVersion "1"]
[SourceVersionDate "2002.11.07"]
[SourceQuality "1"]

1. e4 c5 2. Nf3 d6 3. d4 cxd4 4. Nxd4 Nf6 5. Nc3 g6 6. g3 Bg7 7. Bg2 Bd7 8. 0-0 Nc6 9. Nde2 Qc8 10. Re1 h5 11. Bf4 Ng4 12. Rc1 Nce5 13. Nd5 Nxf2 14. Kxf2 Ng4+ 15. Kf1 Qc5 16. Be3 Nxe3+ 17. Nxe3 Qxe3 18. Nf4 Qc5 19. Nd3 Qd4 20. c3 Qb6 21. Nb4 h4 22. Nd5 Qc5 23. Qc2 Rc8 24. c4 hxg3 25. hxg3 Qd4 26. b3 Bh3 27. Bxh3 Rxh3 28. Kg2 Rh8 29. b4 e6 30. Nf4 g5 31. Nh3 Bf6 32. Red1 Qb2 33. Qf2 g4 34. Rc2 0-1

[Event "EU-ch U14"]
[Site "Peniscola"]
[Date "2002.09.30"]
[Round "2"]
[White "Czarnota, Pawel"]
[Black "Deruni, Berc"]
[Result "1-0"]
[WhiteElo "2288"]
[BlackElo "2080"]
[PlyCount "90"]
[EventDate "2002.09.29"]
[EventType "swiss"]
[EventRounds "9"]
[EventCountry "ESP"]
[SourceTitle "CBM 090 Extra"]
[Source "ChessBase"]
[SourceDate "2002.11.07"]
[SourceVersion "1"]
[SourceVersionDate "2002.11.07"]
[SourceQuality "1"]

1. e4 c5 2. Nf3 d6 3. d4 cxd4 4. Nxd4 Nf6 5. Nc3 g6 6. Be3 Bg7 7. f3 0-0 8. Qd2 Nc6 9. 0-0-0 Bd7 10. g4 Rc8 11. h4 Qa5 12. Kb1 Nxd4 13. Bxd4 e5 14. Be3 Be6 15. a3 Rfd8 16. h5 a6 17. Bg5 Qc5 18. Qh2 d5 19. hxg6 hxg6 20. Bh6 Qf8 21. Bg5 Qc5 22. Qh4 Qe7 23. Nxd5 Bxd5 24. exd5 e4 25. fxe4 Qe5 26. c3 Qxe4+ 27. Bd3 Qe5 28. Rhe1 Qd6 29. Bc2 Rc4 30. Qh3 Rdc8 31. Bc1 Rxg4 32. Rg1 Rcc4 33. Rge1 Rh4 34. Qf3 Rh2 35. Bb3 Rch4 36. Bg5 R4h3 37. Qf4 Qxf4 38. Bxf4 Rf2 39. Bc1 Nd7 40. Re7 Nc5 41. d6 Bf8 42. Re8 Nd7 43. Rd8 Nb6 44. d7 Kg7 45. Rxf8 Nxd7 1-0

[Event "EU-chT U18 3th"]
[Site "Balatonlelle"]
[Date "2002.06.16"]
[Round "4"]
[White "Zeleny, Tomas"]
[Black "Deruni, Berc"]
[Result "1-0"]
[WhiteElo "2107"]
[BlackElo "2080"]
[PlyCount "63"]
[EventDate "2002.06.12"]
[EventType "team-swiss"]
[EventRounds "7"]
[EventCountry "HUN"]
[SourceTitle "EXT 2020"]
[Source "ChessBase"]
[SourceDate "2019.10.17"]
[SourceVersion "1"]
[SourceVersionDate "2019.10.17"]
[SourceQuality "1"]
[WhiteTeam "Czech Republic U18"]
[BlackTeam "Turkey U18"]
[WhiteTeamCountry "CZE"]
[BlackTeamCountry "TUR"]

1. e4 c6 2. d4 d5 3. exd5 cxd5 4. Bd3 Nc6 5. c3 Nf6 6. Bf4 Bg4 7. Qb3 Qd7 8. Nd2 e6 9. Ngf3 Bd6 10. Bxd6 Qxd6 11. 0-0 0-0 12. Rae1 Nd7 13. Re3 e5 14. dxe5 Ndxe5 15. Bb1 Rfe8 16. Nxe5 Rxe5 17. Rxe5 Nxe5 18. Qxb7 Rb8 19. Qxa7 Rxb2 20. Qd4 Be2 21. Re1 Ng4 22. g3 Nxh2 23. Rxe2 Nf3+ 24. Nxf3 Rxe2 25. Qd3 Re4 26. Kg2 g6 27. Bc2 Rc4 28. Bb3 Rc5 29. c4 Qa6 30. Qd4 dxc4 31. Qxc5 cxb3 32. axb3 1-0